000 00523nam a22001817a 4500
005 20251108175910.0
008 250721s2020 xx 000 0 ara d
082 1 4 _aم/956.04/مغل
100 1 _aالمغلوث، سامي
245 1 0 _aاطلس تاريخ الدولة الاموية /
250 _aط.2
264 1 _aالرياض :
_bالعبيكان،
_c2020.
300 _a344ص.
650 1 7 _aالتاريخ الاسلامي
650 1 7 _aالدولة الاموية
942 _2ddc
_cREF
999 _c145043
_d145043